000 00375nam a22001577a 4500
003 OSt
008 240430b |||||||| |||| 00| 0 eng d
020 _a9789387994034
082 _a658.4 SHC
100 _aSHIKHA,Neeti
245 _aCorporate governance In India
260 _aNew Delhi
_bCengage
_c2023
300 _a282
700 _aSHARMA,Geetanjali
942 _2ddc
_cREF
999 _c12585
_d12585